000 00606nam a2200193 a 4500
005 20251111063904.0
008 991125s1961 bue 000 0 spa u
035 _aUPN01000014022
049 _aCG
050 4 _aBF408
_bL6.38 1961
100 1 _aLowenfeld, Viktor
245 1 0 _aDesarrollo de la capacidad creadora /
_cViktor Lowenfeld ; tr. Alfredo M. Ghioldi.
260 _aBuenos Aires :
_bKapelusz,
_c1961.
300 _a2 v.
520 _aDisponible en la Colección Medina
650 4 _aArte
_xEstudio y enseñanza
_9207
650 2 _aCreación (literaria, artística, etc.)
_95738
905 _aLibro
999 _c14022
_d14022